|
|
|
|
| LEADER |
01461nam a22003974a 4500 |
| 001 |
EBC1679373 |
| 003 |
MiAaPQ |
| 005 |
20200520144314.0 |
| 006 |
m o d | |
| 007 |
cr cn||||||||| |
| 008 |
100619s2010 njua sb 000 0 eng |
| 010 |
|
|
|z 2010455316
|
| 020 |
|
|
|z 9789812836748
|
| 020 |
|
|
|z 9812836748
|
| 035 |
|
|
|a (MiAaPQ)EBC1679373
|
| 035 |
|
|
|a (Au-PeEL)EBL1679373
|
| 035 |
|
|
|a (CaPaEBR)ebr10422509
|
| 035 |
|
|
|a (CaONFJC)MIL276065
|
| 035 |
|
|
|a (OCoLC)769439006
|
| 040 |
|
|
|a MiAaPQ
|c MiAaPQ
|d MiAaPQ
|
| 050 |
|
4 |
|a HF5548.32
|b .X8 2010
|
| 082 |
0 |
4 |
|a 658.8/72
|2 22
|
| 100 |
1 |
|
|a Xu, Jun,
|c Ph. D.,
|d 1960-
|
| 245 |
1 |
0 |
|a E-business in the 21st century
|h [electronic resource] :
|b realities, challenges, and outlook /
|c Jun Xu, Mohammed Quaddus.
|
| 260 |
|
|
|a Hackensack, NJ :
|b World Scientific,
|c c2010.
|
| 300 |
|
|
|a xi, 451 p. :
|b ill.
|
| 490 |
1 |
|
|a Intelligent information systems ;
|v v. 2
|
| 504 |
|
|
|a Includes bibliographical references.
|
| 533 |
|
|
|a Electronic reproduction. Ann Arbor, MI : ProQuest, 2015. Available via World Wide Web. Access may be limited to ProQuest affiliated libraries.
|
| 650 |
|
0 |
|a Electronic commerce.
|
| 650 |
|
0 |
|a Customer relations
|x Management.
|
| 655 |
|
4 |
|a Electronic books.
|
| 700 |
1 |
|
|a Quaddus, M. A.
|
| 710 |
2 |
|
|a ProQuest (Firm)
|
| 830 |
|
0 |
|a Intelligent information systems ;
|v v. 2.
|
| 856 |
4 |
0 |
|u https://ebookcentral.proquest.com/lib/matrademy/detail.action?docID=1679373
|z Click to View
|